| 000 | 00000nam 2200000za 4500 |
| 001 | 9.817230 |
| 003 | CaOODSP |
| 005 | 20221107142430 |
| 007 | cr ||||||||||| |
| 008 | 160904s2014||||onc ||||o f000 0 fre d |
| 040 | |aCaOODSP|bfre |
| 043 | |an-cn--- |
| 086 | 1 |aED5-10/2014F-PDF |
| 245 | 00|aExportation et croissance |h[ressource électronique]. |
| 260 | |a[Ottawa] : |bEDC, |cc2014. |
| 300 | |a5 p. |
| 500 | |a« Livre blanc. » |
| 500 | |aPublié aussi en anglais sous le titre : Exports and company growth. |
| 520 | 0 |a« Passer d’une petite à une grande entreprise est peut-être le plus grand défi que puisse relever un entrepreneur. Il faut une stratégie d’affaires solide, des employés à la hauteur, des ressources bien organisées et la capacité de trouver des débouchés intéressants. D’ailleurs, on ne les trouve pas toujours ici au pays. En effet, vous constaterez peut-être que l’un des meilleurs moteurs de croissance est le commerce international, soit l’exportation. Ce livre blanc explique en quoi les entreprises canadiennes peuvent se tourner vers le commerce international pour relever les défis inhérents à l’expansion et ouvrir de nouvelles voies de croissance. » |
| 692 | 07|2gccst|aExportation |
| 692 | 07|2gccst|aCommerce extérieur |
| 710 | 2 |aExportation et développement Canada. |
| 775 | 08|tExports and company growth |w(CaOODSP)9.816911 |
| 856 | 40|qPDF|s63 Ko|uhttps://publications.gc.ca/collections/collection_2016/edc/ED5-10-2014-fra.pdf |
| 986 | |aWP-ECG-0114 |